| 000 | 00474nam a22001577a 4500 | ||
|---|---|---|---|
| 999 |
_c61090 _d61090 |
||
| 005 | 20231219102721.0 | ||
| 008 | 231219s1970 ru ||||| |||| 00| 0 rus d | ||
| 041 | _arus | ||
| 080 | _a72()45 B-84 | ||
| 100 |
_aВсеволожская, С.Н. _920775 |
||
| 245 |
_aВенеция / _cС.Н. Всеволожская. |
||
| 264 |
_aМ.: _bИскусство, _c1970. |
||
| 300 |
_a224 c.: _bил.; _c16 см. |
||
| 653 | _aვენეცია | ||
| 942 |
_2udc _cᲬᲘᲒᲜᲘ |
||